Las medidas cautelares tributarias en la Provincia de Buenos Aires /
Guardado en:
| Autor Principal: | |
|---|---|
| Formato: | Libro |
| Idioma: | Spanish |
| Publicado: |
La Plata :
Librería Editora Platense,
2012.
|
| Edición: | 1a. ed. |
| Materias: | |
| Etiquetas: |
Agregar Etiqueta
Sin Etiquetas, Sea el primero en etiquetar este registro!
|
| LEADER | 00557nam a22001575a 4500 | ||
|---|---|---|---|
| 001 | DER.der014230 | ||
| 008 | 191010s2012####ag#||||||||||||||#||spa|| | ||
| 005 | 20241111132701.0 | ||
| 245 | 1 | 0 | |a Las medidas cautelares tributarias en la Provincia de Buenos Aires / |c Enrique Luis Condorelli, prólogo de Eduardo N. de Lázzari. |
| 250 | |a 1a. ed. | ||
| 260 | |a La Plata : |b Librería Editora Platense, |c 2012. | ||
| 300 | |a 163 p. | ||
| 020 | |a 9789505362370 | ||
| 100 | 1 | |a Condorelli, Enrique Luis. | |
| 650 | 7 | |a DERECHO TRIBUTARIO | |
| 859 | |a DERECHO |b BIB. DERECHO |h 343.04 |i CON |p 009484 | ||
